| 000 | 00981nam a2200181 i 4500 | ||
|---|---|---|---|
| 001 | 165885 | ||
| 003 | ES-MaACL | ||
| 005 | 20230906213225.0 | ||
| 008 | 990310s1852 sp |||| | spa d | ||
| 100 | 1 |
_aSuénder, Enrique ( _d1829-1897) _9108728 |
|
| 245 | 1 | 0 |
_aFijar los casos en que sea precisa la trepanación _b: discurso oral pronunciado en la Academia Quirúrgica Matritense el día 14 de marzo de 1852 en las oposiciones al concurso de premios estraordinarios [sic] / _cpor Enrique Suender. |
| 260 |
_aMadrid : _bLibreria Estranjera, _c1852 ( _fEstab. Tip. Militar) |
||
| 300 |
_a45 p. ; _c16 cm. |
||
| 530 | _aDisponible en formato digital. | ||
| 650 | 4 |
_aTrepanación. _9159238 |
|
| 852 |
_aES-MaACL _jT-405-F-2 _q- Ejemp. guillotinado _z- Enc. hol., falto de enc. original _z. - Ded. de Gustavo Sáenz a la bilioteca "Los Escolares Médicos " _z- Enc. en un vol. facticio |
||
| 856 |
_uhttp://bdh-rd.bne.es/viewer.vm?id=0000095787&page=1 _zBiblioteca Digital Hispánica |
||
| 999 |
_c165885 _d165885 |
||